[Event "Greek Team Championship"]
[Site "chess24.com"]
[Date "2017.07.04"]
[Round "2"]
[White "Anestis, Ioannis"]
[Black "Kordis, Konstantinos"]
[Result "0-1"]
[Board "3"]
[WhiteElo "1651"]
[WhiteCountry "GRE"]
[WhiteFideId "4256140"]
[WhiteEloChange "-2"]
[BlackElo "2149"]
[BlackCountry "GRE"]
[BlackFideId "4205197"]
[BlackEloChange "2"]

1. d4 {[%clk 1:30:57]} d5 {[%clk 1:30:52]} 2. Nf3 {[%clk 1:31:07]} e6 {[%clk
1:31:13]} 3. Bf4 {[%clk 1:30:27]} c5 {[%clk 1:31:20]} 4. e3 {[%clk 1:30:28]} Nc6
{[%clk 1:31:37]} 5. Nbd2 {[%clk 1:30:05]} Qb6 {[%clk 1:31:25]} 6. dxc5 {[%clk
1:27:22]} Qxb2 {[%clk 1:27:30]} 7. Bd6 {[%clk 1:19:11]} Bxd6 {[%clk 1:27:35]} 8.
cxd6 {[%clk 1:19:35]} Qa3 {[%clk 1:26:03]} 9. c4 {[%clk 1:17:48]} Qxd6 {[%clk
1:25:47]} 10. cxd5 {[%clk 1:18:11]} exd5 {[%clk 1:26:08]} 11. Bb5 {[%clk
1:15:48]} Nf6 {[%clk 1:24:20]} 12. Qa4 {[%clk 1:11:03]} O-O {[%clk 1:21:24]} 13.
O-O {[%clk 1:07:02]} Bd7 {[%clk 1:20:25]} 14. Rab1 {[%clk 1:06:34]} a6 {[%clk
1:19:53]} 15. Bxc6 {[%clk 1:00:51]} Bxc6 {[%clk 1:19:04]} 16. Qa5 {[%clk
0:59:27]} b5 {[%clk 1:09:17]} 17. Rfd1 {[%clk 0:56:02]} Rfd8 {[%clk 1:05:04]} 18.
Rbc1 {[%clk 0:54:50]} Be8 {[%clk 1:00:48]} 19. Rc7 {[%clk 0:50:06]} Rdc8 {[%clk
0:56:37]} 20. Rdc1 {[%clk 0:50:24]} Rxc7 {[%clk 0:56:58]} 21. Rxc7 {[%clk
0:50:40]} Qd8 {[%clk 0:55:40]} 22. Qc3 {[%clk 0:51:02]} d4 {[%clk 0:55:27]} 23.
Qc5 {[%clk 0:48:36]} Nd5 {[%clk 0:50:15]} 24. Ra7 {[%clk 0:46:35]} Rc8 {[%clk
0:50:28]} 25. Qxd4 {[%clk 0:46:22]} Rc1+ {[%clk 0:50:50]} 26. Nf1 {[%clk
0:46:47]} Nc3 {[%clk 0:51:12]} 27. Qd2 {[%clk 0:43:28]} b4 {[%clk 0:46:42]} 28.
g3 {[%clk 0:42:34]} Qb8 {[%clk 0:46:16]} 29. Re7 {[%clk 0:33:49]} Bb5 {[%clk
0:46:16]} 30. Ne1 {[%clk 0:29:44]} Rd1 {[%clk 0:46:19]} 0-1

[Event "Greek Team Championship"]
[Site "chess24.com"]
[Date "2017.07.04"]
[Round "2"]
[White "Vrettos, Augoustinos"]
[Black "Vasileiou, Ioannis"]
[Result "1-0"]
[Board "4"]
[WhiteElo "1903"]
[WhiteCountry "GRE"]
[WhiteFideId "4254589"]
[WhiteEloChange "4"]
[BlackElo "1639"]
[BlackCountry "GRE"]
[BlackFideId "4256344"]
[BlackEloChange "-4"]

1. e4 {[%clk 1:30:45]} e5 {[%clk 1:30:54]} 2. Nf3 {[%clk 1:31:11]} Nc6 {[%clk
1:31:13]} 3. d4 {[%clk 1:31:39]} exd4 {[%clk 1:30:49]} 4. Bc4 {[%clk 1:32:03]}
Bb4+ {[%clk 1:28:48]} 5. c3 {[%clk 1:25:14]} dxc3 {[%clk 1:28:47]} 6. bxc3 {[%clk
1:25:00]} Qf6 {[%clk 1:25:50]} 7. O-O {[%clk 1:12:07]} Nge7 {[%clk 1:23:12]} 8.
Bg5 {[%clk 1:10:11]} Qg6 {[%clk 1:18:26]} 9. cxb4 {[%clk 1:10:13]} f6 {[%clk
1:17:42]} 10. Bd2 {[%clk 1:05:35]} Qxe4 {[%clk 1:17:20]} 11. Qb3 {[%clk 1:05:21]}
a5 {[%clk 1:05:22]} 12. Re1 {[%clk 1:00:38]} Qf5 {[%clk 1:00:12]} 13. b5 {[%clk
1:00:47]} Ne5 {[%clk 0:59:26]} 14. Nd4 {[%clk 0:58:07]} Qg4 {[%clk 0:58:47]} 15.
f4 {[%clk 0:58:32]} g5 {[%clk 0:54:58]} 16. h3 {[%clk 0:58:08]} Qh4 {[%clk
0:52:40]} 17. fxe5 {[%clk 0:57:58]} Qxd4+ {[%clk 0:52:30]} 18. Qe3 {[%clk
0:57:55]} Qxe3+ {[%clk 0:47:52]} 19. Bxe3 {[%clk 0:58:19]} fxe5 {[%clk 0:47:21]}
20. Bxg5 {[%clk 0:58:38]} d6 {[%clk 0:46:59]} 21. Nc3 {[%clk 0:57:32]} c6 {[%clk
0:45:50]} 22. Ne4 {[%clk 0:50:47]} Kd7 {[%clk 0:42:47]} 23. Rad1 {[%clk 0:45:51]}
d5 {[%clk 0:40:32]} 24. Bf6 {[%clk 0:44:21]} Rf8 {[%clk 0:37:59]} 25. Bxe5 {[%clk
0:43:54]} Rf5 {[%clk 0:30:32]} 26. Nc5+ {[%clk 0:42:47]} Ke8 {[%clk 0:29:48]} 27.
Bd6 {[%clk 0:42:21]} Rf7 {[%clk 0:29:37]} 28. Be2 {[%clk 0:38:01]} Rg7 {[%clk
0:28:58]} 29. Rd2 {[%clk 0:36:05]} b6 {[%clk 0:28:15]} 30. Bh5+ {[%clk 0:35:30]}
Kd8 {[%clk 0:27:41]} 31. bxc6 {[%clk 0:31:15]} Nxc6 {[%clk 0:26:25]} 32. Re8#
{[%clk 0:31:15]} 1-0

[Event "Greek Team Championship"]
[Site "chess24.com"]
[Date "2017.07.04"]
[Round "2"]
[White "Juhasz, Barbara"]
[Black "Ratsma, Rosa"]
[Result "0-1"]
[Board "5"]
[WhiteElo "2214"]
[WhiteTitle "WFM"]
[WhiteCountry "HUN"]
[WhiteFideId "743585"]
[WhiteEloChange "-12"]
[BlackElo "2137"]
[BlackCountry "NED"]
[BlackFideId "1033662"]
[BlackEloChange "12"]

1. e4 {[%clk 1:30:54]} c5 {[%clk 1:30:45]} 2. g3 {[%clk 1:31:18]} d5 {[%clk
1:29:56]} 3. exd5 {[%clk 1:31:42]} Qxd5 {[%clk 1:29:47]} 4. Nf3 {[%clk 1:32:06]}
Bg4 {[%clk 1:25:40]} 5. Bg2 {[%clk 1:32:31]} Nc6 {[%clk 1:24:21]} 6. h3 {[%clk
1:21:11]} Qe6+ {[%clk 1:15:18]} 7. Kf1 {[%clk 1:21:35]} Bf5 {[%clk 1:08:30]} 8.
Na3 {[%clk 1:13:12]} Qd7 {[%clk 1:00:57]} 9. d3 {[%clk 1:08:05]} e5 {[%clk
0:54:56]} 10. Qe1 {[%clk 0:49:06]} f6 {[%clk 0:53:08]} 11. Be3 {[%clk 0:49:04]}
Bd6 {[%clk 0:40:57]} 12. Nd2 {[%clk 0:47:52]} Nge7 {[%clk 0:35:46]} 13. Ne4
{[%clk 0:45:09]} b6 {[%clk 0:35:20]} 14. Nb5 {[%clk 0:29:48]} Bb8 {[%clk
0:33:12]} 15. a4 {[%clk 0:29:51]} a5 {[%clk 0:20:33]} 16. Kg1 {[%clk 0:28:37]}
O-O {[%clk 0:18:14]} 17. Kh2 {[%clk 0:25:55]} Bg6 {[%clk 0:16:44]} 18. Nd2 {[%clk
0:21:59]} Ra6 {[%clk 0:14:20]} 19. Nc4 {[%clk 0:07:58]} Nb4 {[%clk 0:13:37]} 20.
Qe2 {[%clk 0:05:54]} Nbd5 {[%clk 0:12:31]} 21. Bd2 {[%clk 0:05:09]} Rd8 {[%clk
0:09:22]} 22. Rhe1 {[%clk 0:05:11]} Nc6 {[%clk 0:08:24]} 23. Bc3 {[%clk 0:05:10]}
Bf7 {[%clk 0:05:02]} 24. Ne3 {[%clk 0:05:07]} Nd4 {[%clk 0:03:47]} 25. Bxd4
{[%clk 0:05:12]} cxd4 {[%clk 0:03:54]} 26. Nxd5 {[%clk 0:04:04]} Bxd5 {[%clk
0:04:19]} 27. Bxd5+ {[%clk 0:03:11]} Qxd5 {[%clk 0:04:43]} 28. c3 {[%clk
0:02:30]} dxc3 {[%clk 0:02:54]} 29. bxc3 {[%clk 0:02:56]} Ra8 {[%clk 0:02:42]}
30. d4 {[%clk 0:02:55]} exd4 {[%clk 0:02:11]} 31. cxd4 {[%clk 0:03:21]} Bd6
{[%clk 0:01:37]} 32. Qe6+ {[%clk 0:03:40]} Qxe6 {[%clk 0:02:05]} 33. Rxe6 {[%clk
0:04:05]} Bb4 {[%clk 0:02:14]} 34. Rxb6 {[%clk 0:04:29]} Rac8 {[%clk 0:02:24]}
35. Ra2 {[%clk 0:04:28]} Rc1 {[%clk 0:02:00]} 36. Rb7 {[%clk 0:03:24]} h5 {[%clk
0:01:47]} 37. Kg2 {[%clk 0:02:48]} h4 {[%clk 0:01:39]} 38. gxh4 {[%clk 0:02:45]}
Kh7 {[%clk 0:01:16]} 39. Kf3 {[%clk 0:01:50]} Rh1 {[%clk 0:01:00]} 40. Kg2 {[%clk
0:32:11]} Rc1 {[%clk 0:31:22]} 41. Re2 {[%clk 0:18:11]} Rd5 {[%clk 0:23:24]} 42.
Re4 {[%clk 0:14:23]} Rc2 {[%clk 0:13:40]} 43. Rf4 {[%clk 0:08:46]} Kh6 {[%clk
0:10:44]} 44. Rc7 {[%clk 0:08:57]} Ra2 {[%clk 0:09:25]} 45. Rc4 {[%clk 0:09:21]}
Rh5 {[%clk 0:07:03]} 46. Na7 {[%clk 0:08:11]} Bd6 {[%clk 0:05:56]} 47. Rf3 {[%clk
0:06:49]} Rxh4 {[%clk 0:06:18]} 48. Rf5 {[%clk 0:04:29]} Kg6 {[%clk 0:04:30]} 49.
Rf3 {[%clk 0:04:46]} Rh5 {[%clk 0:03:48]} 50. Nc6 {[%clk 0:04:31]} Rg5+ {[%clk
0:03:46]} 51. Kf1 {[%clk 0:04:57]} Bh2 {[%clk 0:03:57]} 52. Rg3 {[%clk 0:03:32]}
Bxg3 {[%clk 0:04:21]} 53. fxg3 {[%clk 0:04:00]} Rxg3 {[%clk 0:04:38]} 54. Nxa5
{[%clk 0:04:28]} Rxh3 {[%clk 0:04:46]} 55. Kg1 {[%clk 0:04:54]} Rd3 {[%clk
0:04:55]} 0-1

[Event "Greek Team Championship"]
[Site "chess24.com"]
[Date "2017.07.04"]
[Round "2"]
[White "Papageorgiou, Fotini"]
[Black "Makrigianni, Eleni Iokasti"]
[Result "1-0"]
[Board "6"]
[WhiteElo "1427"]
[WhiteCountry "GRE"]
[WhiteFideId "4238265"]
[WhiteEloChange "2"]
[BlackElo "1047"]
[BlackCountry "GRE"]
[BlackFideId "25832565"]
[BlackEloChange "-2"]

1. e4 {[%clk 1:30:57]} e6 {[%clk 1:30:49]} 2. d4 {[%clk 1:31:23]} d5 {[%clk
1:31:11]} 3. exd5 {[%clk 1:31:46]} exd5 {[%clk 1:31:31]} 4. Nf3 {[%clk 1:31:23]}
Nf6 {[%clk 1:31:27]} 5. Bd3 {[%clk 1:29:04]} Nc6 {[%clk 1:30:01]} 6. c3 {[%clk
1:28:27]} Be6 {[%clk 1:28:26]} 7. Bg5 {[%clk 1:25:39]} Be7 {[%clk 1:27:41]} 8.
Nbd2 {[%clk 1:25:48]} Qd6 {[%clk 1:24:50]} 9. Qc2 {[%clk 1:18:24]} O-O-O {[%clk
1:22:17]} 10. Nb3 {[%clk 1:09:36]} Kb8 {[%clk 1:19:07]} 11. Nc5 {[%clk 0:51:12]}
h6 {[%clk 1:11:38]} 12. Bh4 {[%clk 0:51:15]} Rde8 {[%clk 1:09:01]} 13. Qb3 {[%clk
0:28:42]} Bc8 {[%clk 1:03:37]} 14. Bg3 {[%clk 0:26:54]} Bd8+ {[%clk 0:53:28]} 15.
Kd1 {[%clk 0:27:05]} Qe7 {[%clk 0:51:14]} 16. Re1 {[%clk 0:22:20]} Qf8 {[%clk
0:46:17]} 17. Rxe8 {[%clk 0:16:58]} Nxe8 {[%clk 0:44:24]} 18. Bb5 {[%clk
0:13:16]} Ne7 {[%clk 0:34:09]} 19. Ne5 {[%clk 0:12:14]} Ka8 {[%clk 0:28:11]} 20.
Bd7 {[%clk 0:12:24]} 1-0

[Event "Greek Team Championship"]
[Site "chess24.com"]
[Date "2017.07.04"]
[Round "2"]
[White "Bellou, Nazareta"]
[Black "Bouza, Mirto - Eleni"]
[Result "0-1"]
[Board "7"]
[WhiteElo "1165"]
[WhiteCountry "GRE"]
[WhiteFideId "25832522"]
[WhiteEloChange "-6"]
[BlackElo "1313"]
[BlackCountry "GRE"]
[BlackFideId "4260848"]
[BlackEloChange "6"]

1. e4 {[%clk 1:30:57]} c5 {[%clk 1:30:51]} 2. Nf3 {[%clk 1:31:21]} e6 {[%clk
1:31:06]} 3. d4 {[%clk 1:31:41]} cxd4 {[%clk 1:31:30]} 4. Nxd4 {[%clk 1:32:04]}
a6 {[%clk 1:31:17]} 5. Nc3 {[%clk 1:32:09]} b5 {[%clk 1:31:16]} 6. Bd3 {[%clk
1:32:22]} Qc7 {[%clk 1:29:56]} 7. O-O {[%clk 1:30:15]} Nf6 {[%clk 1:28:56]} 8.
Nb3 {[%clk 1:29:30]} Bb7 {[%clk 1:27:48]} 9. f4 {[%clk 1:15:54]} d6 {[%clk
1:03:54]} 10. Qe2 {[%clk 0:45:43]} Nbd7 {[%clk 1:02:05]} 11. Kh1 {[%clk 0:38:13]}
Qc6 {[%clk 0:51:56]} 12. Bd2 {[%clk 0:35:55]} Be7 {[%clk 0:45:45]} 13. Nd4 {[%clk
0:32:25]} Qc7 {[%clk 0:36:01]} 14. Rae1 {[%clk 0:30:26]} b4 {[%clk 0:33:04]} 15.
Na4 {[%clk 0:29:37]} a5 {[%clk 0:29:01]} 16. e5 {[%clk 0:28:04]} Nd5 {[%clk
0:27:41]} 17. exd6 {[%clk 0:15:53]} Bxd6 {[%clk 0:23:27]} 18. f5 {[%clk 0:12:37]}
e5 {[%clk 0:19:32]} 19. Qg4 {[%clk 0:11:14]} Kf8 {[%clk 0:12:24]} 20. Ne6+ {[%clk
0:05:29]} fxe6 {[%clk 0:12:09]} 21. fxe6+ {[%clk 0:03:32]} N7f6 {[%clk 0:12:07]}
22. Qh4 {[%clk 0:02:58]} Qe7 {[%clk 0:09:33]} 23. Bf5 {[%clk 0:01:38]} Nc7 {[%clk
0:08:59]} 24. Qh3 {[%clk 0:01:38]} Bc8 {[%clk 0:08:18]} 25. Bg5 {[%clk 0:01:31]}
Bxe6 {[%clk 0:08:18]} 26. Bxf6 {[%clk 0:01:19]} gxf6 {[%clk 0:08:18]} 27. Nb6
{[%clk 0:00:50]} Rd8 {[%clk 0:06:22]} 28. Bxe6 {[%clk 0:00:57]} Qxe6 {[%clk
0:05:03]} 29. Qh6+ {[%clk 0:01:15]} Ke7 {[%clk 0:05:15]} 0-1

[Event "Greek Team Championship"]
[Site "chess24.com"]
[Date "2017.07.04"]
[Round "2"]
[White "Zervos, Lazaros"]
[Black "Berbatis, Antonios"]
[Result "1-0"]
[Board "8"]
[WhiteElo "2082"]
[WhiteCountry "GRE"]
[WhiteFideId "4238362"]
[WhiteEloChange "2"]
[BlackElo "1702"]
[BlackCountry "GRE"]
[BlackFideId "25804677"]
[BlackEloChange "-2"]

1. c4 {[%clk 1:30:43]} e6 {[%clk 1:30:45]} 2. Nf3 {[%clk 1:26:37]} Nf6 {[%clk
1:30:22]} 3. Nc3 {[%clk 1:25:44]} d5 {[%clk 1:29:15]} 4. d4 {[%clk 1:26:05]} Be7
{[%clk 1:28:04]} 5. g3 {[%clk 1:23:38]} c6 {[%clk 1:28:19]} 6. Bg2 {[%clk
1:23:38]} O-O {[%clk 1:27:55]} 7. O-O {[%clk 1:23:38]} b6 {[%clk 1:27:13]} 8. Ne5
{[%clk 1:13:21]} Bb7 {[%clk 1:24:12]} 9. e4 {[%clk 1:12:06]} Nbd7 {[%clk
1:21:06]} 10. Nxc6 {[%clk 1:10:01]} Bxc6 {[%clk 1:19:30]} 11. exd5 {[%clk
1:10:12]} exd5 {[%clk 1:14:38]} 12. cxd5 {[%clk 1:10:32]} Nxd5 {[%clk 1:11:31]}
13. Nxd5 {[%clk 1:10:42]} Bxd5 {[%clk 1:11:58]} 14. Bxd5 {[%clk 1:11:00]} Rc8
{[%clk 1:12:18]} 15. Bg2 {[%clk 1:00:02]} Nf6 {[%clk 1:08:39]} 16. Qa4 {[%clk
0:51:48]} Rc7 {[%clk 1:03:30]} 17. Re1 {[%clk 0:33:23]} Rd7 {[%clk 0:57:08]} 18.
Be3 {[%clk 0:31:48]} a5 {[%clk 0:55:34]} 19. Rac1 {[%clk 0:24:55]} Bb4 {[%clk
0:53:08]} 20. Red1 {[%clk 0:23:45]} Nd5 {[%clk 0:48:44]} 21. Bd2 {[%clk 0:22:04]}
Bxd2 {[%clk 0:45:37]} 22. Rxd2 {[%clk 0:22:32]} Qg5 {[%clk 0:33:50]} 23. Qxd7
{[%clk 0:11:53]} Qxd2 {[%clk 0:31:50]} 24. Rc8 {[%clk 0:11:56]} Qe1+ {[%clk
0:20:08]} 25. Bf1 {[%clk 0:12:25]} Nb4 {[%clk 0:15:10]} 26. Rxf8+ {[%clk
0:12:50]} Kxf8 {[%clk 0:15:28]} 27. Qd8+ {[%clk 0:12:55]} Qe8 {[%clk 0:15:49]}
28. Qxb6 {[%clk 0:13:11]} Kg8 {[%clk 0:14:29]} 29. Qxa5 {[%clk 0:12:32]} Nc2
{[%clk 0:14:31]} 30. Qc3 {[%clk 0:11:46]} Ne1 {[%clk 0:14:34]} 31. Bb5 {[%clk
0:11:19]} Qe7 {[%clk 0:13:30]} 32. Kf1 {[%clk 0:11:25]} 1-0

[Event "Greek Team Championship"]
[Site "chess24.com"]
[Date "2017.07.04"]
[Round "2"]
[White "Tsotras, Ioannis"]
[Black "Loutragotis, Paraskevas Pantelei"]
[Result "0-1"]
[Board "9"]
[WhiteElo "1477"]
[WhiteCountry "GRE"]
[WhiteFideId "4269594"]
[WhiteEloChange "-2"]
[BlackElo "1891"]
[BlackCountry "GRE"]
[BlackFideId "4278771"]
[BlackEloChange "2"]

1. e4 {[%clk 1:30:56]} c6 {[%clk 1:30:49]} 2. d4 {[%clk 1:31:20]} d5 {[%clk
1:31:13]} 3. e5 {[%clk 1:30:59]} Bf5 {[%clk 1:31:25]} 4. Bd3 {[%clk 1:30:24]}
Bxd3 {[%clk 1:31:46]} 5. Qxd3 {[%clk 1:30:48]} e6 {[%clk 1:31:03]} 6. Nf3 {[%clk
1:30:13]} Qa5+ {[%clk 1:28:41]} 7. Bd2 {[%clk 1:28:59]} Qa6 {[%clk 1:29:04]} 8.
Qxa6 {[%clk 1:26:16]} Nxa6 {[%clk 1:28:56]} 9. O-O {[%clk 1:19:10]} c5 {[%clk
1:21:06]} 10. a3 {[%clk 1:11:12]} Rc8 {[%clk 1:14:20]} 11. Nc3 {[%clk 1:09:20]}
Nb8 {[%clk 1:09:11]} 12. Be3 {[%clk 0:57:40]} b6 {[%clk 1:01:42]} 13. Rac1 {[%clk
0:50:18]} Nh6 {[%clk 0:59:11]} 14. Ne2 {[%clk 0:46:08]} Nc6 {[%clk 0:57:57]} 15.
Rfd1 {[%clk 0:45:02]} Na5 {[%clk 0:53:34]} 16. Bxh6 {[%clk 0:34:04]} gxh6 {[%clk
0:53:58]} 17. Nd2 {[%clk 0:34:15]} Be7 {[%clk 0:46:09]} 18. c3 {[%clk 0:28:19]}
Kd7 {[%clk 0:44:45]} 19. Nf1 {[%clk 0:25:22]} Nb3 {[%clk 0:43:07]} 20. Rc2 {[%clk
0:25:34]} f6 {[%clk 0:40:25]} 21. Nc1 {[%clk 0:19:01]} Na5 {[%clk 0:36:47]} 22.
Re2 {[%clk 0:15:03]} cxd4 {[%clk 0:34:45]} 23. cxd4 {[%clk 0:14:59]} Rc6 {[%clk
0:29:56]} 24. Nd3 {[%clk 0:12:12]} Rhc8 {[%clk 0:29:09]} 25. Ne3 {[%clk 0:10:38]}
f5 {[%clk 0:27:53]} 26. g3 {[%clk 0:08:50]} Nb3 {[%clk 0:26:26]} 27. Nf4 {[%clk
0:06:45]} Bg5 {[%clk 0:26:28]} 28. Nfg2 {[%clk 0:06:18]} Rc1 {[%clk 0:26:35]} 29.
f4 {[%clk 0:04:13]} Nxd4 {[%clk 0:26:37]} 30. Rf2 {[%clk 0:02:57]} Be7 {[%clk
0:26:25]} 31. b4 {[%clk 0:01:59]} Rxd1+ {[%clk 0:25:26]} 32. Nxd1 {[%clk
0:02:23]} Rc1 {[%clk 0:25:36]} 33. Ne3 {[%clk 0:01:43]} Nb5 {[%clk 0:25:10]} 34.
Rc2 {[%clk 0:00:36]} Ra1 {[%clk 0:25:03]} 35. Kg2 {[%clk 0:00:34]} Nxa3 {[%clk
0:25:05]} 36. Rb2 {[%clk 0:00:32]} b5 {[%clk 0:24:40]} 37. Nf2 {[%clk 0:00:40]}
Nc4 {[%clk 0:24:57]} 38. Nxc4 {[%clk 0:00:41]} bxc4 {[%clk 0:25:22]} 39. g4
{[%clk 0:00:39]} Ra3 {[%clk 0:24:12]} 40. gxf5 {[%clk 0:30:34]} exf5 {[%clk
0:54:27]} 41. Rd2 {[%clk 0:29:18]} Ke6 {[%clk 0:54:43]} 42. Nd1 {[%clk 0:29:01]}
Bxb4 {[%clk 0:54:52]} 43. Rc2 {[%clk 0:28:58]} Rd3 {[%clk 0:54:54]} 44. Nf2
{[%clk 0:28:27]} Rd2 {[%clk 0:55:14]} 45. Rc1 {[%clk 0:28:39]} Bc5 {[%clk
0:55:24]} 46. Rf1 {[%clk 0:29:05]} a5 {[%clk 0:55:44]} 47. Kg3 {[%clk 0:29:29]}
Rxf2 {[%clk 0:55:56]} 0-1

[Event "Greek Team Championship"]
[Site "chess24.com"]
[Date "2017.07.04"]
[Round "2"]
[White "Basinas, Konstantinos"]
[Black "Makrygiannis, Ion Periandros"]
[Result "1/2-1/2"]
[Board "10"]
[WhiteElo "1411"]
[WhiteCountry "GRE"]
[WhiteFideId "25813285"]
[WhiteEloChange "-7"]
[BlackElo "1086"]
[BlackCountry "GRE"]
[BlackFideId "25853384"]
[BlackEloChange "7"]

1. d4 {[%clk 1:30:43]} Nf6 {[%clk 1:30:54]} 2. c4 {[%clk 1:31:03]} e6 {[%clk
1:31:09]} 3. Nc3 {[%clk 1:31:11]} Bb4 {[%clk 1:31:19]} 4. a3 {[%clk 1:30:07]}
Bxc3+ {[%clk 1:31:35]} 5. bxc3 {[%clk 1:30:30]} O-O {[%clk 1:31:58]} 6. Bg5
{[%clk 1:30:18]} b6 {[%clk 1:31:28]} 7. Nf3 {[%clk 1:30:33]} Bb7 {[%clk 1:31:27]}
8. e3 {[%clk 1:30:53]} d6 {[%clk 1:29:01]} 9. Bd3 {[%clk 1:29:42]} Nbd7 {[%clk
1:29:13]} 10. O-O {[%clk 1:29:32]} c5 {[%clk 1:28:25]} 11. Qc2 {[%clk 1:26:58]}
Qc7 {[%clk 1:23:19]} 12. Rac1 {[%clk 1:23:38]} cxd4 {[%clk 1:13:20]} 13. cxd4
{[%clk 1:23:48]} Rac8 {[%clk 1:11:48]} 14. Qb1 {[%clk 1:21:17]} Rfe8 {[%clk
1:02:24]} 15. e4 {[%clk 1:17:58]} e5 {[%clk 0:59:33]} 16. d5 {[%clk 1:16:29]} Qc5
{[%clk 0:55:37]} 17. Qb3 {[%clk 1:13:10]} Qa5 {[%clk 0:49:02]} 18. Qc2 {[%clk
0:59:28]} Ra8 {[%clk 0:47:25]} 19. Ra1 {[%clk 0:57:55]} Ba6 {[%clk 0:42:46]} 20.
Bd2 {[%clk 0:55:11]} Qc5 {[%clk 0:42:12]} 21. Bb4 {[%clk 0:55:15]} Qc7 {[%clk
0:41:58]} 22. Nd2 {[%clk 0:53:10]} Nc5 {[%clk 0:40:01]} 23. Bxc5 {[%clk 0:53:05]}
Qxc5 {[%clk 0:39:56]} 24. Nb3 {[%clk 0:53:26]} Qc7 {[%clk 0:39:48]} 25. Rac1
{[%clk 0:53:28]} Rac8 {[%clk 0:40:00]} 26. Qc3 {[%clk 0:52:15]} Nd7 {[%clk
0:40:20]} 27. Rc2 {[%clk 0:52:10]} Nc5 {[%clk 0:37:54]} 28. Nxc5 {[%clk 0:52:34]}
Qxc5 {[%clk 0:38:16]} 29. Rfc1 {[%clk 0:52:51]} Rc7 {[%clk 0:36:23]} 30. a4
{[%clk 0:52:37]} Rec8 {[%clk 0:36:02]} 31. Qb3 {[%clk 0:50:06]} Qd4 {[%clk
0:26:25]} 32. Qc3 {[%clk 0:49:29]} Qc5 {[%clk 0:26:33]} 33. Qb3 {[%clk 0:49:51]}
Qd4 {[%clk 0:26:57]} 34. Qc3 {[%clk 0:49:08]} Qc5 {[%clk 0:27:20]} 35. Qb3 {[%clk
0:49:02]} Qd4 {[%clk 0:27:45]} 36. Qc3 {[%clk 0:49:27]} 1/2-1/2

[Event "Greek Team Championship"]
[Site "chess24.com"]
[Date "2017.07.04"]
[Round "2"]
[White "Istratescu, Andrei"]
[Black "Patrikos, Ioannis"]
[Result "1-0"]
[Board "1"]
[WhiteElo "2593"]
[WhiteTitle "GM"]
[WhiteCountry "ROU"]
[WhiteFideId "1200372"]
[WhiteEloChange "1"]
[BlackElo "2094"]
[BlackCountry "GRE"]
[BlackFideId "4203062"]
[BlackEloChange "-2"]

1. e4 {[%clk 1:30:38]} c5 {[%clk 1:30:15]} 2. Nf3 {[%clk 1:31:04]} e6 {[%clk
1:30:12]} 3. c3 {[%clk 1:30:21]} Nf6 {[%clk 1:29:08]} 4. e5 {[%clk 1:30:16]} Nd5
{[%clk 1:29:12]} 5. d4 {[%clk 1:30:43]} cxd4 {[%clk 1:28:29]} 6. cxd4 {[%clk
1:30:10]} b6 {[%clk 1:26:48]} 7. Nc3 {[%clk 1:28:08]} Nxc3 {[%clk 1:25:25]} 8.
bxc3 {[%clk 1:28:05]} Qc7 {[%clk 1:23:51]} 9. Be2 {[%clk 1:27:20]} Bb7 {[%clk
1:16:20]} 10. O-O {[%clk 1:24:36]} d6 {[%clk 1:10:00]} 11. Re1 {[%clk 1:11:39]}
Nd7 {[%clk 1:03:01]} 12. Bb5 {[%clk 1:00:34]} a6 {[%clk 0:42:22]} 13. Bxd7+
{[%clk 0:58:23]} Qxd7 {[%clk 0:42:38]} 14. Rb1 {[%clk 0:58:21]} b5 {[%clk
0:34:26]} 15. a4 {[%clk 0:55:35]} Be7 {[%clk 0:30:57]} 16. Ba3 {[%clk 0:55:52]}
O-O {[%clk 0:17:26]} 17. exd6 {[%clk 0:52:45]} Bxd6 {[%clk 0:17:47]} 18. Bxd6
{[%clk 0:53:02]} Qxd6 {[%clk 0:18:09]} 19. axb5 {[%clk 0:53:30]} axb5 {[%clk
0:15:09]} 20. Rxb5 {[%clk 0:53:35]} Bd5 {[%clk 0:12:51]} 21. Rc5 {[%clk 0:42:06]}
Ra2 {[%clk 0:06:05]} 22. Qb1 {[%clk 0:33:50]} Rfa8 {[%clk 0:03:08]} 23. Ne5
{[%clk 0:28:17]} f6 {[%clk 0:01:29]} 24. Nd3 {[%clk 0:28:33]} Rd2 {[%clk
0:01:00]} 25. Qb4 {[%clk 0:23:31]} Qb8 {[%clk 0:00:37]} 26. Qxb8+ {[%clk
0:22:28]} Rxb8 {[%clk 0:01:06]} 27. Nb4 {[%clk 0:22:43]} Be4 {[%clk 0:00:47]} 28.
h3 {[%clk 0:22:05]} Bf5 {[%clk 0:00:59]} 29. g4 {[%clk 0:20:06]} Bg6 {[%clk
0:00:52]} 30. Rxe6 {[%clk 0:20:33]} Ra8 {[%clk 0:00:43]} 31. Re7 {[%clk 0:19:58]}
Ra1+ {[%clk 0:00:40]} 32. Kg2 {[%clk 0:20:21]} 1-0

[Event "Greek Team Championship"]
[Site "chess24.com"]
[Date "2017.07.04"]
[Round "2"]
[White "Tzamtzis, Konstantinos"]
[Black "Szabo, Gergely-Andras-Gyula"]
[Result "0-1"]
[Board "2"]
[WhiteElo "1860"]
[WhiteCountry "GRE"]
[WhiteFideId "4210042"]
[WhiteEloChange "-2"]
[BlackElo "2546"]
[BlackTitle "GM"]
[BlackCountry "ROU"]
[BlackFideId "1205064"]
[BlackEloChange "1"]

1. e4 {[%clk 1:29:42]} c5 {[%clk 1:30:52]} 2. Nf3 {[%clk 1:29:59]} d6 {[%clk
1:30:42]} 3. d4 {[%clk 1:30:18]} cxd4 {[%clk 1:31:06]} 4. Nxd4 {[%clk 1:30:40]}
Nf6 {[%clk 1:31:26]} 5. Nc3 {[%clk 1:31:02]} Nc6 {[%clk 1:31:29]} 6. Bg5 {[%clk
1:31:12]} e6 {[%clk 1:30:00]} 7. Qd2 {[%clk 1:31:32]} a6 {[%clk 1:30:02]} 8.
O-O-O {[%clk 1:31:43]} Bd7 {[%clk 1:30:09]} 9. f3 {[%clk 1:22:53]} Be7 {[%clk
1:22:18]} 10. Be3 {[%clk 1:21:05]} h5 {[%clk 1:18:58]} 11. Kb1 {[%clk 1:06:03]}
Qc7 {[%clk 1:15:52]} 12. Qf2 {[%clk 0:56:46]} b5 {[%clk 1:03:34]} 13. Nxc6 {[%clk
0:49:24]} Bxc6 {[%clk 1:02:40]} 14. Bd3 {[%clk 0:47:47]} b4 {[%clk 0:58:06]} 15.
Ne2 {[%clk 0:47:59]} e5 {[%clk 0:57:57]} 16. Bc4 {[%clk 0:36:58]} O-O {[%clk
0:44:42]} 17. Bd5 {[%clk 0:35:55]} Rfc8 {[%clk 0:37:22]} 18. c4 {[%clk 0:26:09]}
Nxd5 {[%clk 0:32:52]} 19. cxd5 {[%clk 0:23:14]} Ba4 {[%clk 0:32:50]} 20. Rc1
{[%clk 0:23:13]} Bc2+ {[%clk 0:32:25]} 21. Ka1 {[%clk 0:23:26]} b3 {[%clk
0:27:18]} 22. a3 {[%clk 0:17:48]} Qb7 {[%clk 0:25:43]} 23. Bd2 {[%clk 0:11:50]}
Bd8 {[%clk 0:21:45]} 24. h3 {[%clk 0:06:14]} Rc4 {[%clk 0:20:56]} 25. Bc3 {[%clk
0:03:24]} Rac8 {[%clk 0:20:02]} 26. Rxc2 {[%clk 0:03:23]} bxc2 {[%clk 0:20:26]}
27. g4 {[%clk 0:03:17]} Rxc3 {[%clk 0:19:37]} 28. Nxc3 {[%clk 0:03:17]} Rxc3
{[%clk 0:20:02]} 29. bxc3 {[%clk 0:00:45]} Qb3 {[%clk 0:20:27]} 0-1